000 00312nam a22001457a 4500
020 _a9971-51-211-4
041 _aENG
100 _aJackson.J.D
245 _aClassical Electrodynamics
250 _aSecond Edition
260 _aNew York
_bJohn Wiley & Sons
_c1975
300 _a848
650 _aGAE
856 _uGAE
999 _c679
_d679